Postavenie a význam kontroly v procese vytvárania a fungovania ekonomického prostredia podniku kandidátska dizertačná práca

Guardado en:
Detalles Bibliográficos
Autor principal: Mikloš, Ján
Autor Corporativo: Vysoká škola ekonomická v Bratislave. Fakulta riadenia
Otros Autores: Nagy, Július
Formato: Libro
Lenguaje:eslovaco
Publicado: Bratislava 1989
Etiquetas: Agregar Etiqueta
Sin Etiquetas, Sea el primero en etiquetar este registro!

MARC

LEADER 00000nam a2200000 4500
001 c033782
005 20221215071149.7
041 0 |a slo 
044 |a SK 
245 1 0 |a Postavenie a význam kontroly v procese vytvárania a fungovania ekonomického prostredia podniku  |b kandidátska dizertačná práca  |c Ján Mikloš ; Ved. práce Július Nagy 
264 1 |a Bratislava  |c 1989 
300 |a 161 s. 
100 1 |a Mikloš, Ján 
700 1 |a Nagy, Július 
710 2 |a Vysoká škola ekonomická v Bratislave. Fakulta riadenia